Aera (رقم التسجيلة. 131795)

تفاصيل مارك
000 -LEADER
fixed length control field 01936cas a2200529 a 4500
008 - FIXED-LENGTH DATA ELEMENTS--GENERAL INFORMATION
fixed length control field 931106c19889999ja wn p 0 d0jpn c
010 ## - LIBRARY OF CONGRESS CONTROL NUMBER
LC control number sn 89029716
022 ## - INTERNATIONAL STANDARD SERIAL NUMBER
International Standard Serial Number 0914-8833
040 ## - CATALOGING SOURCE
Original cataloging agency CU-S
Language of cataloging eng
Transcribing agency CU-S
Modifying agency InU
-- NST
-- MH
-- NSDP
-- PPiU
-- MH
-- DLC
-- CLU
-- PPiC
-- OCoLC
043 ## - GEOGRAPHIC AREA CODE
Geographic area code a-ja---
050 00 - LIBRARY OF CONGRESS CALL NUMBER
Classification number AP95.J2
Item number A33
066 ## - CHARACTER SETS PRESENT
Alternate G0 or G1 character set $1
092 #4 - LOCALLY ASSIGNED DEWEY CALL NUMBER (OCLC)
Classification number 952.005
Item number A2521
Edition number 21
099 ## - LOCAL FREE-TEXT CALL NUMBER (OCLC)
Classification number \4
-- 952.005 A2521
130 0# - MAIN ENTRY--UNIFORM TITLE
Uniform title Aera (Tokyo, Japan)
210 0# - ABBREVIATED TITLE
Abbreviated title Aera
222 #0 - KEY TITLE
Key title Aera
245 10 - TITLE STATEMENT
Title Aera
246 13 - VARYING FORM OF TITLE
Title proper/short title Asahi Shinbun weekly
246 17 - VARYING FORM OF TITLE
Title proper/short title Asahi Shimbun extra report and analysis
246 17 - VARYING FORM OF TITLE
Title proper/short title Asahi Shimbun weekly AERA
260 ## - PUBLICATION, DISTRIBUTION, ETC.
Place of publication, distribution, etc. Tokyo :
Name of publisher, distributor, etc. Asahi Shinbunsha
300 ## - PHYSICAL DESCRIPTION
Extent v. :
Other physical details ill. (some col.) ;
Dimensions 29 cm.
310 ## - CURRENT PUBLICATION FREQUENCY
Current publication frequency Weekly (except for Apr., Aug., and Dec.)
362 1# - DATES OF PUBLICATION AND/OR SEQUENTIAL DESIGNATION
Dates of publication and/or sequential designation Began with issue for no. 1 (May 24, 1988).
515 ## - NUMBERING PECULIARITIES NOTE
Numbering peculiarities note Issues for Jan. 17, 1989- called also v. 2, no. 2-
530 ## - ADDITIONAL PHYSICAL FORM AVAILABLE NOTE
Additional physical form available note Also issued online.
580 ## - LINKING ENTRY COMPLEXITY NOTE
Linking entry complexity note Extra report and analysis of: Asahi shinbun.
651 #0 - SUBJECT ADDED ENTRY--GEOGRAPHIC NAME
Geographic name Japan
Form subdivision Periodicals.
710 2# - ADDED ENTRY--CORPORATE NAME
Linkage 880-07
Corporate name or jurisdiction name as entry element Asahi Shinbunsha.
730 0# - ADDED ENTRY--UNIFORM TITLE
Linkage 880-08
Uniform title Asahi shinbun.
776 08 - ADDITIONAL PHYSICAL FORM ENTRY
Relationship information Online version:
Title Aera (Tokyo, Japan)
Record control number (OCoLC)639309278
787 1# - OTHER RELATIONSHIP ENTRY
Linkage 880-09
Title Asahi shinbun
Record control number (DLC)sn 85022159
-- (OCoLC)1514400
880 0# - ALTERNATE GRAPHIC REPRESENTATION
Linkage 130-01/$1
a アエラ (Tokyo, Japan)
880 10 - ALTERNATE GRAPHIC REPRESENTATION
Linkage 245-02/$1
a アエラ.
880 13 - ALTERNATE GRAPHIC REPRESENTATION
Linkage 246-03/$1
a 朝日新聞 weekly
880 17 - ALTERNATE GRAPHIC REPRESENTATION
Linkage 246-04/$1
a 朝日新聞 weekly AERA
880 ## - ALTERNATE GRAPHIC REPRESENTATION
Linkage 260-05/$1
a 東京 :
b 朝日新聞社
880 ## - ALTERNATE GRAPHIC REPRESENTATION
Linkage 580-06/$1
a Extra report and analysis of: 朝日新聞.
880 2# - ALTERNATE GRAPHIC REPRESENTATION
Linkage 710-07/$1
a 朝日新聞社.
880 0# - ALTERNATE GRAPHIC REPRESENTATION
Linkage 730-08/$1
a 朝日新聞.
880 1# - ALTERNATE GRAPHIC REPRESENTATION
Linkage 787-09/$1
t 朝日新聞
w (DLC)sn 85022159
-- (OCoLC)1514400
905 ## - LOCAL DATA ELEMENT E, LDE (RLIN)
Cataloger Jamal
Reviser Cat.
905 ## - LOCAL DATA ELEMENT E, LDE (RLIN)
Reviser Rev.
942 ## - ADDED ENTRY ELEMENTS (KOHA)
Source of classification or shelving scheme Dewey Decimal Classification
Koha item type Books
المقتنيات
Source of classification or shelving scheme Not for loan Home library Current library Date acquired Full call number Date last seen Koha item type
Dewey Decimal Classification   المكتبة المركزبة الجديدة - جامعة القاهرة قاعة الثقاقات الاجنبية - الدور الثالث 11.02.2024 952.005 A2521 23.09.2023 Continuing Resources
Cairo University Libraries Portal Implemented & Customized by: Eng. M. Mohamady Contacts: new-lib@cl.cu.edu.eg | cnul@cl.cu.edu.eg
CUCL logo CNUL logo
© All rights reserved — Cairo University Libraries
CUCL logo
Implemented & Customized by: Eng. M. Mohamady Contact: new-lib@cl.cu.edu.eg © All rights reserved — New Central Library
CNUL logo
Implemented & Customized by: Eng. M. Mohamady Contact: cnul@cl.cu.edu.eg © All rights reserved — Cairo National University Library